Proyecto reforma agraria, presentado por el diputado Deseado Barboza Ruiz

Bewaard in:
Bibliografische gegevens
Hoofdauteur: Barboza Ruiz, Deseado
Formaat: Texto
Gepubliceerd in: San José :
Tags: Voeg label toe
Geen labels, Wees de eerste die dit record labelt!

MARC

LEADER 00000 a a2200000 04500
001 17131
003
040
090 |a 007000  
100 |a Barboza Ruiz, Deseado  
245 |a Proyecto reforma agraria, presentado por el diputado Deseado Barboza Ruiz  
260 |a San José :  
300 |a 147 p.  
999 |c 6203  |d 6203